<?xml version="1.0" encoding="UTF-8"?>
<record
    xmlns:xsi="http://www.w3.org/2001/XMLSchema-instance"
    xsi:schemaLocation="http://www.loc.gov/MARC21/slim http://www.loc.gov/standards/marcxml/schema/MARC21slim.xsd"
    xmlns="http://www.loc.gov/MARC21/slim">

  <leader>00569nam a22001691a 4500</leader>
  <controlfield tag="001">4377</controlfield>
  <controlfield tag="003">OSt</controlfield>
  <controlfield tag="005">20260204211929.0</controlfield>
  <controlfield tag="008">050813s1986||||dr ||||||b||||||||||spa||</controlfield>
  <datafield tag="090" ind1=" " ind2=" ">
    <subfield code="a">AGT-86-0989</subfield>
  </datafield>
  <datafield tag="100" ind1=" " ind2=" ">
    <subfield code="a">Nu&#xF1;ez Regalado, Mercedes Rosa E.</subfield>
  </datafield>
  <datafield tag="245" ind1=" " ind2=" ">
    <subfield code="a">Influencia de la metodolog&#xED;a empleada en el proceso de ense&#xF1;anza - aprendizaje de la biolog&#xED;a en la actitud generada en los alumnos / Mercedes Rosa E. Nu&#xF1;ez Regalado. Asesor:</subfield>
  </datafield>
  <datafield tag="264" ind1=" " ind2=" ">
    <subfield code="a">Santo Domingo: El Autor</subfield>
  </datafield>
  <datafield tag="502" ind1=" " ind2=" ">
    <subfield code="a">Tesis (Agronom&#xED;a)</subfield>
  </datafield>
  <datafield tag="650" ind1=" " ind2=" ">
    <subfield code="a">Agronom&#xED;a&#xCC;</subfield>
  </datafield>
  <datafield tag="942" ind1=" " ind2=" ">
    <subfield code="2">ddc</subfield>
    <subfield code="c">TH</subfield>
  </datafield>
  <datafield tag="999" ind1=" " ind2=" ">
    <subfield code="c">4377</subfield>
    <subfield code="d">4377</subfield>
  </datafield>
  <datafield tag="952" ind1=" " ind2=" ">
    <subfield code="0">0</subfield>
    <subfield code="1">0</subfield>
    <subfield code="2">ddc</subfield>
    <subfield code="4">0</subfield>
    <subfield code="7">0</subfield>
    <subfield code="b">BU</subfield>
    <subfield code="d">2019-09-09</subfield>
    <subfield code="l">0</subfield>
    <subfield code="o">AGT-86-0989</subfield>
    <subfield code="p">AGT-86-0989</subfield>
    <subfield code="r">2019-09-09 00:00:00</subfield>
    <subfield code="w">2019-09-09</subfield>
    <subfield code="y">TH</subfield>
  </datafield>
</record>
